| 000 | 00722nam a2200205 a 4500 | ||
|---|---|---|---|
| 005 | 20260417064128.0 | ||
| 008 | 991125s1992 mad 000 0 spa u | ||
| 020 | _a8478690859 | ||
| 035 | _aUPN01000021607 | ||
| 049 | _aCG | ||
| 050 | 4 |
_aLB1131 _bP76 no.10 |
|
| 100 | 1 |
_aYuste Hernanz, Carlos _929510 |
|
| 245 | 1 | 0 |
_aEstrategias de cálculo y problemas numérico-verbales. Programas para la estimulación de las habilidades de la inteligencia / _cCarlos Yuste Hernanz ; il. Juan Miguel S. Quiros. |
| 260 |
_aMadrid : _bCEPE, _c1992. |
||
| 300 |
_a95 p. : _bil. col. |
||
| 440 | 0 |
_aProgresint ; _v10 |
|
| 500 | _a"Ciclo inicial. Nivel 2" | ||
| 650 | 4 |
_aCálculo _xEstudio y enseñanza (Elemental) _94514 |
|
| 905 | _aLibro | ||
| 999 |
_c21607 _d21607 |
||